Aprender en la universidad : el punto de vista estudiantil /

Con base en la premisa de que cada estudiante es protagonista de su propio proceso de aprendizaje, en esta obra se insta a los profesores a investigar, observar y analizar en qué situaciones, en qué contextos y mediante qué tipo de actividades aprende más y mejor un alumno universitario. Se exponen...

Popoln opis

Shranjeno v:
Bibliografske podrobnosti
Glavni avtor: Giné, Núria (autor)
Format: Knjiga
Jezik:španščina
Izdano: Barcelona, España : Octaedro : Universidad de Barcelona, Instituto de Ciencias de la Educación, 2007, c2007
Serija:(Educación Universitaria)
Teme:
Oznake: Označite
Brez oznak, prvi označite!

MARC

LEADER 00000nam^a2200000^a^4500
001 000272658
005 20250521000000.0
009 20260310111107.189
020 |a 978-84-8063-875-3 
037 |a Acervo ITESO - Biblioteca 
041 |a ESP 
082 |a 378. 1702812  |b GIN 
100 |a Giné, Núria  |e (autor) 
245 1 0 |a Aprender en la universidad :  |b el punto de vista estudiantil /  |c N. Giné ; pról. de Salvador Carrasco Calvo. 
264 4 |a Barcelona, España :  |b Octaedro :  |b Universidad de Barcelona, Instituto de Ciencias de la Educación,  |c 2007, c2007 
300 |a 167 p. 
336 |a texto  |b txt  |2 rdacontenido 
337 |a sin mediación  |b n  |2 rdamedio 
338 |a volumen  |b nc  |2 rdasoporte 
440 1 |a (Educación Universitaria) 
520 |a Con base en la premisa de que cada estudiante es protagonista de su propio proceso de aprendizaje, en esta obra se insta a los profesores a investigar, observar y analizar en qué situaciones, en qué contextos y mediante qué tipo de actividades aprende más y mejor un alumno universitario. Se exponen los resultados de una investigación llevada a cabo en la Universidad de Barcelona sobre las estrategias de aprendizaje de los universitarios. 
649 |a XX 
650 |a Alumnos -  |x Tema Principal 
650 |a Estrategias de Aprendizaje -  |x Tema Principal 
650 |a Metodología Educativa 
650 |a Calidad de la Educación 
650 |a Educación Superior 
910 |a Fondo General 
920 |a Impresos - Libros 
930 |a Colección General 
905 |a 101 
901 |a 0500158279  |b IT1  |c ACC  |u 20250521 
902 |a https://opac.biblio.iteso.mx/vufind/Record/000272658